| 000 | 00000nam##2200000za#4500 |
| 001 | 9.605015 |
| 003 | CaOODSP |
| 005 | 20210624211911 |
| 007 | cr ||||||||||| |
| 008 | 150406|2007||||xxc|||||o f|0| 0 fre|d |
| 040 | |aCaOODSP|bfre |
| 043 | |an-cn--- |
| 086 | 1 |aTU3-5/07-32F-PDF |
| 110 | 2 |aBureau de la sécurité des transports du Canada. |
| 245 | 10|aPanne moteur et atterrissage forcé du Ayres S-2R C-FBED exploité par Forest Patrol Limited à Boston Brook (Nouveau-Brunswick), le 27 août 2007 |h[ressource électronique] |
| 260 | |aGatineau - Québec : |bBureau de la sécurité des transports du Canada |c[2007]. |
| 300 | |a5p. |
| 490 | 1 |aRapport d'enquête aéronautique |vA07A0096 |
| 590 | |a13-02-Supp|b2013-01-11 |
| 775 | 08|tEngine failure/forced landing - Forest Patrol Limited Ayres S-2R C-FBED Boston Brook, New Brunswick , 27 August 2007 |w(CaOODSP)9.575495 |
| 830 | #0|aRapport d'enquête aéronautique ;|vA07A0096|w(CaOODSP)9.501229 |
| 856 | 40|ahttp://publications.gc.ca|qPDF|s287 Ko|uhttps://publications.gc.ca/collections/collection_2012/bst-tsb/TU3-5-07-32-fra.pdf|yA07A0096 |